Rūdolfa Blaumaņa «Andriksons» un Teodora Hermaņa Panteniusa «Olas dēļ!»

Titel: Rūdolfa Blaumaņa «Andriksons» un Teodora Hermaņa Panteniusa «Olas dēļ!» : vācu un latviešu tikšanās starp muižu un zemnieka sētu 19. gadsimta beigās / Anne Somerlata
Verfasser:
In: Rūdolfs Blaumanis: teksts un konteksts, (2013), Seite 233-243
alle Artikel anzeigen
Veröffentlicht: 2013
Format: Aufsatz
Sprache: Lettisch
Schlagworte:
Kein Bild verfügbar
X
alg: 46973395
001A    $03025:22-09-20 
001B    $01999:22-09-20 $t22:39:02.000 
001D    $03025:22-09-20 
001U    $0utf8 
001X    $00 
002@    $0Aou 
002C    $aText $btxt $2rdacontent 
002D    $aohne Hilfsmittel zu benutzen $bn $2rdamedia 
002E    $aBand $bnc $2rdacarrier 
003@    $0469733950 
007A    $0469733950 $aHEB 
010@    $alav 
010E    $erda 
011@    $a2013 $n2013 
021A    $aRūdolfa Blaumaņa «Andriksons» un Teodora Hermaņa Panteniusa «Olas dēļ!» $dvācu un latviešu tikšanās starp muižu un zemnieka sētu 19. gadsimta beigās $hAnne Somerlata 
028A    $BVerfasser $#Sommerlat, A. $4aut $7 $8Sommerlat, Anne [Tnd] $9222717262 
031A    $g11 $h233-243 $j2013 
039B    $aEnthalten in $8--Aau--. Rūdolfs Blaumanis: teksts un konteksts. - Rīga : LU Akadēmiskais apgāds, 2013. - 486 Seiten. - Illustrationen, Karten. - ISBN 978-9984-45-781-9 $x201300000000000767 $9462979644 
044K    $#Blauman, R. $#Blauman, Rudolʹf $#Blaumanis, Rudolʹf $#Blaumann, Rudolf $7118511610 $8Blaumanis, Rūdolfs$Z1863-1908 [Tp1] $9086852744 
044K    $RPantenius, Wilhelm Moritz $RPantenius, Walther $#Pantenius, Th. H. $#Pantenius, Theodor H. $7118973606 $8Pantenius, Theodor Hermann$Z1843-1915 [Tp1] $908731391X 
044K    $#Lettland $#Lettland $#Latvija $#Latvijas Republika $#Lettische Republik $#Lettische SSR $#Latvijskaja SSR $74074187-4 $8Lettland [Tg1] $9085208876 
044K    $RAutor $RLiteratur $RSchriftstellerin $#Novelists $#Romanciers $#Authors $#Écrivains $#Dichter $#Literaturproduzent $#Literat $#Homme de lettres $74053309-8 $8Schriftsteller [Tsz] $9085148040 
044K    $#Baltendeutsche $#Deutsche Baltikum $74011593-8 $8Deutschbalten [Ts1] $9085023647 
044K    $RLettin $#Latvians $#Lettons $#Lette $74111273-8 $8Letten [Ts1] $9085328669 
044K    $RGrundherrschaft $74158582-3 $8Gutsherrschaft [Ts1] $9085686026 
044K    $RBevölkerung $RLändlicher Raum $#Rural population $#Population rurale $#Población rural $#rural population $#Landbevölkerung $#Agrarbevölkerung $#Landbevölkerung $#Dorf Bevölkerung $#Dorfbevölkerung $#Ländliche Bevölkerung $#Ländlicher Raum Bevölkerung $74034229-3 $8Landbevölkerung [Ts1] $908509174X 
045F    $a809 $eDDC23BSB 
045F/01 $a809 
045F/03 $f09034 
045F/03 $g4796 
045R    $aSozialgeschichte 1880-1900 
046L    $aEnglische Zusammenfassung unter dem Titel: Theodor Hermann Pantenius as a poet of the Baltic particularity 

lok: 46973395 78

exp: 46973395 78 1 #EPN
201B/01 $022-09-20 $t14:19:23.000 
201C/01 $022-09-20 
201U/01 $0utf8 
203@/01 $01123674736 
208@/01 $a22-09-20 $be 
209A/01 $a/ $f000 $x00 
209A/01 $ab*p $x01 
220C/01 $akoe 
247C/01 $82080>Marburg/Lahn, Herder-Institut, Forschungsbibliothek, Bibliographieportal $9336309341
LEADER 00000caa a2200000 c 4500
001 469733950
003 DE-603
005 20200922223902.0
007 tu
008 200922s2013 xx |||| | u00||u|lav c
035 |a (DE-599)HEB469733950 
040 |a DE-603  |b ger  |c DE-603  |d DE-603  |e rda 
041 |a lav 
082 0 4 |8 1\u  |a 809  |q DE-101  |2 23/BSB 
085 |8 1\u  |b 809 
085 |8 1\u  |z 1  |s 09034 
085 |8 1\u  |z 2  |s 4796 
100 1 |a Sommerlat, Anne  |e Verfasser  |4 aut  |0 (DE-603)222717262 
245 0 0 |a Rūdolfa Blaumaņa «Andriksons» un Teodora Hermaņa Panteniusa «Olas dēļ!»  |b vācu un latviešu tikšanās starp muižu un zemnieka sētu 19. gadsimta beigās  |c Anne Somerlata 
264 0 |c 2013 
336 |a Text  |b txt  |2 rdacontent 
337 |a ohne Hilfsmittel zu benutzen  |b n  |2 rdamedia 
338 |a Band  |b nc  |2 rdacarrier 
546 |a Englische Zusammenfassung unter dem Titel: Theodor Hermann Pantenius as a poet of the Baltic particularity 
600 1 7 |a Blaumanis, Rūdolfs  |d 1863-1908  |0 (DE-588)118511610  |0 (DE-603)086852744  |2 gnd 
600 1 7 |a Pantenius, Theodor Hermann  |d 1843-1915  |0 (DE-588)118973606  |0 (DE-603)08731391X  |2 gnd 
648 7 |a Sozialgeschichte 1880-1900  |2 gnd 
650 7 |a Schriftsteller  |0 (DE-588)4053309-8  |0 (DE-603)085148040  |2 gnd 
650 7 |a Deutschbalten  |0 (DE-588)4011593-8  |0 (DE-603)085023647  |2 gnd 
650 7 |a Letten  |0 (DE-588)4111273-8  |0 (DE-603)085328669  |2 gnd 
650 7 |a Gutsherrschaft  |0 (DE-588)4158582-3  |0 (DE-603)085686026  |2 gnd 
650 7 |a Landbevölkerung  |0 (DE-588)4034229-3  |0 (DE-603)08509174X  |2 gnd 
651 7 |a Lettland  |0 (DE-588)4074187-4  |0 (DE-603)085208876  |2 gnd 
773 0 8 |i Enthalten in  |t Rūdolfs Blaumanis: teksts un konteksts  |d Rīga : LU Akadēmiskais apgāds, 2013  |h 486 Seiten, Illustrationen, Karten  |z 9789984457819  |g (2013), Seite 233-243  |w (DE-603)462979644 
924 0 |9 2080  |a (DE-603)1123674736  |b DE-2080  |c HES  |d d  |g /